[Event "17PCR_ZK06"]
[Site "?"]
[Date "2007.??.??"]
[Round "?"]
[White "Petricek, Jiri"]
[Black "Volf, Michal"]
[Result "1-0"]
[WhiteElo "1502"]
[BlackElo "1893"]
[PlyCount "23"]
[EventDate "2007.??.??"]
[EventType "corr"]
[EventRounds "2"]
[SourceDate "2007.06.28"]

1. e4 e6 2. d4 d5 3. Nc3 Nf6 4. Bg5 Be7 5. e5 Nfd7 6. Bxe7 Qxe7 7. Qh5 a6 8.
Nf3 c5 9. dxc5 Nxc5 10. Bd3 Nxd3+ 11. cxd3 Nc6 12. a3 1-0

[Event "17PCR_ZK06"]
[Site "?"]
[Date "2007.??.??"]
[Round "?"]
[White "Houdek, Vladimir"]
[Black "Slavik, Miroslav"]
[Result "1/2-1/2"]
[WhiteElo "2185"]
[BlackElo "2238"]
[PlyCount "49"]
[EventDate "2007.??.??"]
[EventType "corr"]
[EventRounds "2"]
[SourceDate "2007.06.28"]

1. d4 Nf6 2. c4 g6 3. g3 Bg7 4. Bg2 c5 5. Nf3 cxd4 6. Nxd4 d6 7. O-O Nbd7 8.
Nc3 O-O 9. b3 Nc5 10. Bb2 a5 11. Qd2 h6 12. Rad1 Qb6 13. Ndb5 Bd7 14. Qd4 Qd8
15. Ba1 Kh7 16. Nd5 Ne8 17. Qf4 Bxa1 18. Rxa1 Bxb5 19. cxb5 e6 20. Nc3 Qf6 21.
Qd2 Qg5 22. Qxg5 hxg5 23. h3 Nf6 24. Rac1 Rfc8 25. Rc2 1/2-1/2

[Event "17PCR_ZK06"]
[Site "?"]
[Date "2007.??.??"]
[Round "?"]
[White "Slavik, Miroslav"]
[Black "Houdek, Vladimir"]
[Result "1/2-1/2"]
[WhiteElo "2238"]
[BlackElo "2185"]
[PlyCount "50"]
[EventDate "2007.??.??"]
[EventType "corr"]
[EventRounds "2"]
[SourceDate "2007.06.28"]

1. e4 e5 2. Nf3 Nc6 3. Bc4 Bc5 4. d3 Nf6 5. O-O d6 6. c3 O-O 7. b4 Bb6 8. a4 a5
9. b5 Ne7 10. Bg5 Ng6 11. Nbd2 h6 12. Be3 c6 13. Bxb6 Qxb6 14. Rb1 Qc7 15. b6
Qe7 16. Re1 d5 17. exd5 cxd5 18. Bb5 Bf5 19. Qe2 Nd7 20. Bxd7 Qxd7 21. Nxe5
Nxe5 22. Qxe5 Bxd3 23. Ra1 Rfe8 24. Qd4 Qf5 25. h3 Bc2 1/2-1/2

[Event "17PCR_ZK06"]
[Site "?"]
[Date "2007.??.??"]
[Round "?"]
[White "Vlacil, Vladimir"]
[Black "Ryska, Jiri"]
[Result "0-1"]
[WhiteElo "2001"]
[BlackElo "2072"]
[PlyCount "34"]
[EventDate "2007.??.??"]
[EventType "corr"]
[EventRounds "2"]
[SourceDate "2007.06.28"]

1. e4 e5 2. Nf3 Nc6 3. Bb5 a6 4. Ba4 Nf6 5. O-O Be7 6. Bxc6 dxc6 7. d3 Qd6 8.
b3 Bg4 9. Nbd2 Nd7 10. Nc4 Qf6 11. Bb2 h5 12. Qe2 O-O-O 13. Rfe1 Bc5 14. Bxe5
Nxe5 15. Ncxe5 Qxe5 16. Nxe5 Bxe2 17. Nxf7 Rhf8 0-1

[Event "17PCR_ZK06"]
[Site "?"]
[Date "2007.??.??"]
[Round "?"]
[White "Houdek, Vladimir"]
[Black "Ryska, Jiri"]
[Result "1/2-1/2"]
[WhiteElo "2185"]
[BlackElo "2072"]
[PlyCount "54"]
[EventDate "2007.??.??"]
[EventType "corr"]
[EventRounds "2"]
[SourceDate "2007.06.28"]

1. d4 Nf6 2. c4 Nc6 3. Nf3 e6 4. Nc3 Bb4 5. Qc2 O-O 6. a3 Bxc3+ 7. Qxc3 Ne4 8.
Qc2 f5 9. e3 b6 10. Bd3 Bb7 11. O-O Qe8 12. b3 Qh5 13. d5 Ne7 14. dxe6 dxe6 15.
Bb2 Nc5 16. Be2 Be4 17. Qc3 Rf6 18. Kh1 Rg6 19. Rg1 Rd8 20. Rad1 Rxd1 21. Rxd1
Nc6 22. h3 e5 23. b4 Ne6 24. Rg1 Ncd4 25. exd4 Nf4 26. Bf1 Nxh3 27. gxh3 Bxf3+
1/2-1/2

[Event "17PCR_ZK06"]
[Site "?"]
[Date "2007.??.??"]
[Round "?"]
[White "Ryska, Jiri"]
[Black "Houdek, Vladimir"]
[Result "1/2-1/2"]
[WhiteElo "2072"]
[BlackElo "2185"]
[PlyCount "59"]
[EventDate "2007.??.??"]
[EventType "corr"]
[EventRounds "2"]
[SourceDate "2007.06.28"]

1. e4 e5 2. Nf3 Nc6 3. Bb5 a6 4. Ba4 Nf6 5. O-O Be7 6. Re1 b5 7. Bb3 d6 8. c3
O-O 9. d4 Bg4 10. Bd5 Qd7 11. h3 Bh5 12. Bxc6 Qxc6 13. Bg5 Rfe8 14. Nbd2 Qb6
15. a4 h6 16. Be3 exd4 17. cxd4 d5 18. e5 Nd7 19. Rc1 Rac8 20. Qc2 Bg6 21. Qc6
Qxc6 22. Rxc6 Nb8 23. Rc3 Bb4 24. Rcc1 Bd3 25. axb5 Bxb5 26. Ra1 Nd7 27. Rec1
c5 28. Nb3 c4 29. Nbd2 a5 30. Nb1 1/2-1/2

[Event "17PCR_ZK06"]
[Site "?"]
[Date "2007.??.??"]
[Round "?"]
[White "Slavik, Miroslav"]
[Black "Ryska, Jiri"]
[Result "1-0"]
[WhiteElo "2238"]
[BlackElo "2072"]
[PlyCount "66"]
[EventDate "2007.??.??"]
[EventType "corr"]
[EventRounds "2"]
[SourceDate "2007.06.28"]

1. d4 Nf6 2. c4 Nc6 3. Nc3 e6 4. e4 Bb4 5. a3 Bxc3+ 6. bxc3 e5 7. f3 O-O 8. Ne2
d6 9. Ng3 Nd7 10. Be2 Qf6 11. Be3 Na5 12. Qa4 Nc6 13. Rd1 Nb6 14. Qb3 Bd7 15.
O-O Na5 16. Qa2 Be6 17. d5 Bd7 18. f4 exf4 19. Rxf4 Qe5 20. Rf2 Na4 21. Bd4 Qe7
22. Nf5 Bxf5 23. exf5 f6 24. Bh5 Nc5 25. Re2 Qd7 26. Bxc5 dxc5 27. Re6 Qa4 28.
Qf2 Nxc4 29. Qxc5 Ne5 30. Qxc7 Kh8 31. Re7 Rac8 32. Qxb7 Rb8 33. Qc7 Rbc8 1-0

[Event "17PCR_ZK06"]
[Site "?"]
[Date "2007.??.??"]
[Round "?"]
[White "Ryska, Jiri"]
[Black "Slavik, Miroslav"]
[Result "1-0"]
[WhiteElo "2072"]
[BlackElo "2238"]
[PlyCount "69"]
[EventDate "2007.??.??"]
[EventType "corr"]
[EventRounds "2"]
[SourceDate "2007.06.28"]

1. e4 c6 2. d4 d5 3. e5 Bf5 4. Nc3 e6 5. g4 Bg6 6. Nge2 c5 7. h4 cxd4 8. Nxd4
h5 9. Bb5+ Nd7 10. f4 hxg4 11. f5 Rxh4 12. Rg1 Bxf5 13. Nxf5 Rh5 14. Nxg7+ Bxg7
15. Qxg4 Rh7 16. Bg5 Ne7 17. Bd3 Nxe5 18. Qa4+ Qd7 19. Bxh7 Nf3+ 20. Kf2 Nxg1
21. Rxg1 Qxa4 22. Nxa4 Bd4+ 23. Be3 Bxe3+ 24. Kxe3 Rc8 25. Bd3 f5 26. Rg7 e5
27. Kd2 Kf8 28. Rh7 Rc6 29. Be2 b6 30. Bh5 Rf6 31. Nc3 d4 32. Ne2 Nd5 33. Rd7
Ne3 34. c3 Nc4+ 35. Kc1 1-0

[Event "17PCR_ZK06"]
[Site "?"]
[Date "2007.??.??"]
[Round "?"]
[White "Slavik, Miroslav"]
[Black "Benes, Jiri"]
[Result "1/2-1/2"]
[WhiteElo "2238"]
[BlackElo "1802"]
[PlyCount "69"]
[EventDate "2007.??.??"]
[EventType "corr"]
[EventRounds "2"]
[SourceDate "2007.06.28"]

1. e4 g6 2. d4 Bg7 3. Nc3 c5 4. Nge2 cxd4 5. Nxd4 d6 6. Be3 Nf6 7. Be2 O-O 8.
O-O Nc6 9. Re1 Bd7 10. a3 Ne5 11. h3 Rc8 12. f4 Nc4 13. Bxc4 Rxc4 14. Qd3 Qc8
15. e5 dxe5 16. fxe5 Nh5 17. Nd5 Re8 18. b3 Rc5 19. Nf3 Rxc2 20. Rac1 Rxc1 21.
Rxc1 Qd8 22. Rd1 Qb8 23. g4 Bc6 24. Kg2 e6 25. Nb4 Bxf3+ 26. Kxf3 a5 27. Nc2
Qxe5 28. gxh5 Qh2 29. Qe2 Qxh3+ 30. Kf2 e5 31. Ne1 e4 32. Qb5 Qh4+ 33. Kg1 Qg4+
34. Kf1 Qh3+ 35. Kf2 1/2-1/2

[Event "17PCR_ZK06"]
[Site "?"]
[Date "2007.??.??"]
[Round "?"]
[White "Benes, Jiri"]
[Black "Slavik, Miroslav"]
[Result "1/2-1/2"]
[WhiteElo "1802"]
[BlackElo "2238"]
[PlyCount "65"]
[EventDate "2007.??.??"]
[EventType "corr"]
[EventRounds "2"]
[SourceDate "2007.06.28"]

1. c4 c5 2. Nc3 Nf6 3. Nf3 Nc6 4. d4 cxd4 5. Nxd4 g6 6. e4 Bg7 7. Be3 Ng4 8.
Qxg4 Nxd4 9. Qd1 Ne6 10. Rc1 O-O 11. Bd3 b6 12. O-O Bb7 13. b4 Nd4 14. f4 d6
15. f5 e6 16. Qg4 Qe7 17. Bg5 Bf6 18. Bxf6 Qxf6 19. fxe6 Qxe6 20. Qh4 Qe5 21.
Qf2 Rae8 22. Nd5 Bxd5 23. exd5 Ne2+ 24. Bxe2 Qxe2 25. a4 Re4 26. Rfe1 Qd3 27.
Rxe4 Qxe4 28. a5 Rc8 29. axb6 axb6 30. Rf1 f5 31. Qxb6 Rxc4 32. Qxd6 Rxb4 33.
h3 1/2-1/2

[Event "17PCR_ZK06"]
[Site "?"]
[Date "2007.??.??"]
[Round "?"]
[White "Houdek, Vladimir"]
[Black "Petricek, Jiri"]
[Result "1-0"]
[WhiteElo "2185"]
[BlackElo "1502"]
[PlyCount "45"]
[EventDate "2007.??.??"]
[EventType "corr"]
[EventRounds "2"]
[SourceDate "2007.06.28"]

1. d4 Nf6 2. c4 e6 3. Nf3 Be7 4. Nc3 d5 5. Bg5 O-O 6. e3 c6 7. Qc2 Nbd7 8. Bd3
dxc4 9. Bxc4 h6 10. Bh4 b5 11. Bd3 Bb7 12. O-O a6 13. Rad1 c5 14. dxc5 Bxf3 15.
gxf3 g5 16. Bg3 Bxc5 17. Ne4 Qe7 18. Nxc5 Qxc5 19. Qb1 Qc6 20. Be2 Rfc8 21. Rc1
Qb7 22. Rfd1 Rxc1 23. Rxc1 1-0

[Event "17PCR_ZK06"]
[Site "?"]
[Date "2007.??.??"]
[Round "?"]
[White "Petricek, Jiri"]
[Black "Houdek, Vladimir"]
[Result "0-1"]
[WhiteElo "2238"]
[BlackElo "1502"]
[PlyCount "44"]
[EventDate "2007.??.??"]
[EventType "corr"]
[EventRounds "2"]
[SourceDate "2007.06.28"]

1. e4 e5 2. Nf3 Nc6 3. Bb5 a6 4. Ba4 Nf6 5. d3 d6 6. Ng5 h6 7. Nxf7 Kxf7 8. Nc3
Nd4 9. O-O Be7 10. Be3 Rf8 11. Bxd4 exd4 12. Bb3+ Kg6 13. Ne2 c5 14. Nf4+ Kh7
15. Ne6 Bxe6 16. Bxe6 Qb6 17. f4 d5 18. exd5 Qxb2 19. Qe2 Bd6 20. Rfb1 Qc3 21.
g3 b5 22. a4 Rfb8 0-1

[Event "17PCR_ZK06"]
[Site "?"]
[Date "2007.??.??"]
[Round "?"]
[White "Petricek, Jiri"]
[Black "Ryska, Jiri"]
[Result "0-1"]
[WhiteElo "1502"]
[BlackElo "2072"]
[PlyCount "40"]
[EventDate "2007.??.??"]
[EventType "corr"]
[EventRounds "2"]
[SourceDate "2007.06.28"]

1. e4 e5 2. Nf3 Nc6 3. Bb5 a6 4. Ba4 Nf6 5. O-O Be7 6. Nc3 b5 7. Bb3 O-O 8. Re1
d6 9. Nd5 Na5 10. d4 Nxd5 11. Bxd5 c6 12. Bxc6 Nxc6 13. d5 Na5 14. a4 b4 15.
Bd2 Rb8 16. c3 b3 17. Qe2 Qc7 18. c4 Nb7 19. Be3 f5 20. Ba7 Ra8 0-1

[Event "17PCR_ZK06"]
[Site "?"]
[Date "2007.??.??"]
[Round "?"]
[White "Ryska, Jiri"]
[Black "Petricek, Jiri"]
[Result "1-0"]
[WhiteElo "2072"]
[BlackElo "1502"]
[PlyCount "41"]
[EventDate "2007.??.??"]
[EventType "corr"]
[EventRounds "2"]
[SourceDate "2007.06.28"]

1. e4 e6 2. Nf3 d5 3. e5 c5 4. d4 cxd4 5. Nxd4 Nd7 6. f4 Bc5 7. c3 Nh6 8. Nd2
Bxd4 9. cxd4 Qa5 10. Bd3 O-O 11. O-O b5 12. Nb3 Qb6 13. Rf3 Ba6 14. Bd2 b4 15.
Bxa6 Qxa6 16. Bxb4 Rfb8 17. Bd6 Rc8 18. Nc5 Nxc5 19. Bxc5 Rab8 20. b4 Nf5 21.
g4 1-0

[Event "17PCR_ZK06"]
[Site "?"]
[Date "2007.??.??"]
[Round "?"]
[White "Petricek, Jiri"]
[Black "Benes, Jiri"]
[Result "0-1"]
[WhiteElo "1502"]
[BlackElo "1802"]
[PlyCount "47"]
[EventDate "2007.??.??"]
[EventType "corr"]
[EventRounds "2"]
[SourceDate "2007.06.28"]

1. e4 g6 2. d4 Bg7 3. Nc3 c5 4. dxc5 Bxc3+ 5. bxc3 Qa5 6. Ne2 Nc6 7. Be3 Nf6 8.
f3 O-O 9. Qd2 b6 10. cxb6 axb6 11. Nf4 Ba6 12. Bd3 Ne5 13. Bxa6 Rxa6 14. Bd4
Rc8 15. Qe2 Rxc3 16. O-O Ra3 17. Rfb1 d6 18. Kh1 Ned7 19. Nd3 e5 20. Bg1 Rxa2
21. Rxa2 Qxa2 22. Qd1 Qe6 23. Nb4 Ra5 24. Nc6 0-1

[Event "17PCR_ZK06"]
[Site "?"]
[Date "2007.??.??"]
[Round "?"]
[White "Benes, Jiri"]
[Black "Petricek, Jiri"]
[Result "1-0"]
[WhiteElo "1802"]
[BlackElo "1502"]
[PlyCount "43"]
[EventDate "2007.??.??"]
[EventType "corr"]
[EventRounds "2"]
[SourceDate "2007.06.28"]

1. c4 Nf6 2. Nc3 e5 3. Nf3 Nc6 4. g3 d5 5. cxd5 Nxd5 6. Bg2 Nxc3 7. bxc3 e4 8.
Ng1 f5 9. Nh3 Qd6 10. d3 Be6 11. Nf4 Bf7 12. dxe4 Qxd1+ 13. Kxd1 O-O-O+ 14. Kc2
g5 15. Nh3 h6 16. exf5 Bc5 17. e4 Rhe8 18. Rd1 Rxd1 19. Kxd1 Ne5 20. Kc2 Bc4
21. f4 Nd3 22. Bd2 1-0

[Event "17PCR_ZK06"]
[Site "?"]
[Date "2007.??.??"]
[Round "?"]
[White "Vlacil, Vladimir"]
[Black "Petricek, Jiri"]
[Result "1-0"]
[WhiteElo "2001"]
[BlackElo "1502"]
[PlyCount "41"]
[EventDate "2007.??.??"]
[EventType "corr"]
[EventRounds "2"]
[SourceDate "2007.06.28"]

1. e4 e5 2. Nf3 Nc6 3. Bb5 a6 4. Ba4 Nf6 5. O-O Nxe4 6. d4 exd4 7. Re1 f5 8.
Nxd4 Qh4 9. g3 Qf6 10. Bxc6 Bc5 11. Bxe4 fxe4 12. Rxe4+ Be7 13. Qe2 d5 14. Qh5+
Qf7 15. Qxf7+ Kxf7 16. Re1 Bf6 17. Nf3 Re8 18. Rxe8 Kxe8 19. Nc3 c6 20. Bd2 Kd8
21. Bg5 1-0

[Event "17PCR_ZK06"]
[Site "?"]
[Date "2007.??.??"]
[Round "?"]
[White "Petricek, Jiri"]
[Black "Vlacil, Vladimir"]
[Result "0-1"]
[WhiteElo "1580"]
[BlackElo "2001"]
[PlyCount "40"]
[EventDate "2007.??.??"]
[EventType "corr"]
[EventRounds "2"]
[SourceDate "2007.06.28"]

1. e4 Nf6 2. e5 Nd5 3. d4 d6 4. c4 Nb6 5. Nf3 g6 6. Nc3 Bg7 7. exd6 cxd6 8. Be2
O-O 9. O-O Nc6 10. h3 Bf5 11. a4 a5 12. Nb5 Nb4 13. Bd2 Bc2 14. Qc1 Bxa4 15.
Bxb4 axb4 16. c5 dxc5 17. Qxc5 Nd5 18. Bc4 Rc8 19. Qxd5 Qxd5 20. Bxd5 Bxb5 0-1

[Event "17PCR_ZK06"]
[Site "?"]
[Date "2007.??.??"]
[Round "?"]
[White "Slavik, Miroslav"]
[Black "Vlacil, Vladimir"]
[Result "1-0"]
[WhiteElo "2238"]
[BlackElo "2001"]
[PlyCount "57"]
[EventDate "2007.??.??"]
[EventType "corr"]
[EventRounds "2"]
[SourceDate "2007.06.28"]

1. d4 Nf6 2. c4 g6 3. Nc3 Bg7 4. e4 d6 5. Be2 O-O 6. Nf3 e5 7. dxe5 dxe5 8.
Qxd8 Rxd8 9. Bg5 Re8 10. h3 c6 11. O-O-O Na6 12. Be3 Bf8 13. Bd3 Nc5 14. Bc2 a5
15. Rd2 Be6 16. Nxe5 Bxh3 17. Rxh3 Rxe5 18. Bd4 Re6 19. e5 Nfd7 20. f4 Ree8 21.
g4 Rad8 22. g5 Ne6 23. Be3 Bc5 24. Ne4 Be7 25. Rdh2 Ndf8 26. c5 Rd7 27. Nd6 Ra8
28. f5 Nxg5 29. Rg3 1-0

[Event "17PCR_ZK06"]
[Site "?"]
[Date "2007.??.??"]
[Round "?"]
[White "Vlacil, Vladimir"]
[Black "Slavik, Miroslav"]
[Result "0-1"]
[WhiteElo "2001"]
[BlackElo "2238"]
[PlyCount "74"]
[EventDate "2007.??.??"]
[EventType "corr"]
[EventRounds "2"]
[SourceDate "2007.06.28"]

1. e4 c6 2. d4 d5 3. exd5 cxd5 4. c4 Nf6 5. Nc3 e6 6. Nf3 Bb4 7. Bd3 dxc4 8.
Bxc4 Nc6 9. O-O O-O 10. a3 Bd6 11. Bg5 h6 12. Bh4 a6 13. Bb3 g5 14. Bg3 Bxg3
15. hxg3 Kg7 16. d5 exd5 17. Nxd5 Re8 18. Ne3 Qxd1 19. Raxd1 Ng4 20. Nd4 Nxe3
21. fxe3 Ne5 22. Nf5+ Bxf5 23. Rxf5 Rac8 24. Rd6 Re7 25. Rb6 Ng4 26. e4 Ne3 27.
Ra5 Rxe4 28. Kf2 Ng4+ 29. Kf3 Rce8 30. Ra4 Nh2+ 31. Kf2 Re2+ 32. Kg1 Nf3+ 33.
Kf1 Nd2+ 34. Kg1 Re1+ 35. Kh2 Nf3+ 36. Kh3 Rh1+ 37. Kg4 h5+ 0-1

[Event "17PCR_ZK06"]
[Site "?"]
[Date "2007.??.??"]
[Round "?"]
[White "Slavik, Miroslav"]
[Black "Petricek, Jiri"]
[Result "1-0"]
[WhiteElo "2238"]
[BlackElo "1502"]
[PlyCount "45"]
[EventDate "2007.??.??"]
[EventType "corr"]
[EventRounds "2"]
[SourceDate "2007.06.28"]

1. c4 c5 2. Nf3 Nf6 3. Nc3 d6 4. d4 cxd4 5. Nxd4 g6 6. e4 Bg7 7. Be2 Nbd7 8.
O-O Nc5 9. f3 O-O 10. Be3 Bd7 11. b4 Ne6 12. Qd2 Nh5 13. Nxe6 Bxe6 14. Rac1 Rc8
15. Nd5 Bxd5 16. cxd5 a6 17. a4 Ra8 18. Rc2 Rc8 19. Rfc1 Rxc2 20. Qxc2 f5 21.
Qc7 fxe4 22. fxe4 Qe8 23. b5 1-0

[Event "17PCR_ZK06"]
[Site "?"]
[Date "2007.??.??"]
[Round "?"]
[White "Petricek, Jiri"]
[Black "Slavik, Miroslav"]
[Result "0-1"]
[WhiteElo "1502"]
[BlackElo "2238"]
[PlyCount "46"]
[EventDate "2007.??.??"]
[EventType "corr"]
[EventRounds "2"]
[SourceDate "2007.06.28"]

1. e4 c6 2. d4 d5 3. exd5 cxd5 4. Nf3 Nc6 5. c3 Bg4 6. Bd3 e6 7. O-O Bd6 8. h3
Bh5 9. Re1 Nge7 10. Qe2 Qc7 11. Bg5 f6 12. Bxf6 gxf6 13. Qxe6 Bxf3 14. gxf3 Qd7
15. Qxd7+ Kxd7 16. Nd2 Ng6 17. Bf5+ Kc7 18. Kh1 Nf4 19. Nf1 Ne7 20. Ne3 Rag8
21. h4 Neg6 22. Be6 Nxe6 23. Nxd5+ Kc6 0-1

[Event "17PCR_ZK06"]
[Site "?"]
[Date "2007.??.??"]
[Round "?"]
[White "Benes, Jiri"]
[Black "Houdek, Vladimir"]
[Result "1/2-1/2"]
[WhiteElo "1802"]
[BlackElo "2185"]
[PlyCount "71"]
[EventDate "2007.??.??"]
[EventType "corr"]
[EventRounds "2"]
[SourceDate "2007.06.28"]

1. c4 e5 2. Nc3 Nf6 3. Nf3 Nc6 4. d4 exd4 5. Nxd4 Bb4 6. Nxc6 bxc6 7. Bg5 Qe7
8. Qb3 a5 9. a3 Bd6 10. e3 Be5 11. Bd3 h6 12. Bh4 Ba6 13. Rd1 O-O 14. O-O Rfe8
15. Na4 d5 16. Qc2 dxc4 17. Bxc4 Bb5 18. Nc5 Bd6 19. Nb7 Be5 20. Bd3 Reb8 21.
Nc5 Bd6 22. Bxf6 Bxd3 23. Qxd3 gxf6 24. Na4 Rb5 25. Rc1 Qe6 26. f4 Re8 27. e4
Rb3 28. Rc3 Reb8 29. Qc2 Rxc3 30. Nxc3 Qc4 31. Rf3 Qb3 32. Qxb3 Rxb3 33. Rg3+
Kh7 34. Na4 Rb8 35. Rg4 Re8 36. Nc3 1/2-1/2

[Event "17PCR_ZK06"]
[Site "?"]
[Date "2007.??.??"]
[Round "?"]
[White "Houdek, Vladimir"]
[Black "Vlacil, Vladimir"]
[Result "1/2-1/2"]
[WhiteElo "2185"]
[BlackElo "2001"]
[PlyCount "75"]
[EventDate "2007.??.??"]
[EventType "corr"]
[EventRounds "2"]
[SourceDate "2007.06.28"]

1. d4 Nf6 2. c4 g6 3. g3 Bg7 4. Bg2 d6 5. Nf3 O-O 6. Nc3 Nbd7 7. O-O e5 8. e4
c6 9. h3 Re8 10. Be3 exd4 11. Nxd4 Nc5 12. Qc2 a5 13. Rad1 Qc7 14. Ndb5 cxb5
15. Nxb5 Qe7 16. Nxd6 Ncxe4 17. Nxe8 Qxe8 18. Rfe1 Ra6 19. Bg5 Re6 20. Bxe4 h6
21. Bxf6 Bxf6 22. Re2 Re7 23. Rde1 Kg7 24. Bg2 Qd8 25. Rxe7 Bxe7 26. b3 Bf5 27.
Qd1 Qc7 28. Qd5 b6 29. Qe5+ Qxe5 30. Rxe5 Bc5 31. Re8 Bb1 32. Re2 Bf5 33. Kh2
Kf6 34. Bc6 h5 35. Re1 Kg5 36. Kg2 Kf6 37. Be4 Bd7 38. Rd1 1/2-1/2

[Event "17PCR_ZK06"]
[Site "?"]
[Date "2007.??.??"]
[Round "?"]
[White "Vlacil, Vladimir"]
[Black "Houdek, Vladimir"]
[Result "1/2-1/2"]
[WhiteElo "2001"]
[BlackElo "2185"]
[PlyCount "76"]
[EventDate "2007.??.??"]
[EventType "corr"]
[EventRounds "2"]
[SourceDate "2007.06.28"]

1. e4 e5 2. Nf3 Nc6 3. Bb5 a6 4. Ba4 Nf6 5. O-O Be7 6. Bxc6 dxc6 7. d3 Nd7 8.
Nbd2 O-O 9. Nc4 f6 10. Nh4 Nb6 11. Nxb6 cxb6 12. Nf5 Bc5 13. Qg4 g6 14. Nh6+
Kh8 15. Qg3 Be6 16. Kh1 Qd7 17. f4 Qg7 18. fxe5 Bd4 19. Ng4 Bxg4 20. Qxg4 fxe5
21. Rf3 Rxf3 22. gxf3 Rf8 23. c3 Bc5 24. Bg5 Be7 25. Kg2 Bxg5 26. Qxg5 h6 27.
Qg3 Kh7 28. Rd1 c5 29. Qf2 Qd7 30. d4 g5 31. h3 Rf4 32. d5 Rh4 33. Qg3 Qd6 34.
c4 b5 35. cxb5 axb5 36. Qe1 b4 37. Qe2 Qd7 38. Rh1 Rf4 1/2-1/2

[Event "17PCR_ZK06"]
[Site "?"]
[Date "2007.??.??"]
[Round "?"]
[White "Houdek, Vladimir"]
[Black "Benes, Jiri"]
[Result "1/2-1/2"]
[WhiteElo "2185"]
[BlackElo "1802"]
[PlyCount "89"]
[EventDate "2007.??.??"]
[EventType "corr"]
[EventRounds "2"]
[SourceDate "2007.06.28"]

1. d4 g6 2. g3 Bg7 3. Bg2 d5 4. Nf3 Nf6 5. O-O c6 6. Nbd2 Bf5 7. c3 Nbd7 8. h3
h6 9. Nh4 Be6 10. Qc2 Qc8 11. f4 Qc7 12. Qd3 O-O-O 13. f5 gxf5 14. Nxf5 Bxf5
15. Rxf5 e6 16. Rf2 Rhg8 17. Nf1 e5 18. dxe5 Qxe5 19. Qe3 Qb8 20. Qd3 Bf8 21.
Bf4 Bd6 22. Bxd6 Qxd6 23. c4 Kb8 24. Rd1 Qe7 25. cxd5 Nxd5 26. Qb3 Nc5 27. Qc4
Rg5 28. e4 Nf6 29. Rxd8+ Qxd8 30. Ne3 Qe7 31. Nf5 Qe5 32. g4 h5 33. Nh6 Ncxe4
34. Nxf7 Qg3 35. Rf3 Rc5 36. Qxc5 Qe1+ 37. Rf1 Qxf1+ 38. Kxf1 Nxc5 39. g5 Ne8
40. b4 Na6 41. a3 Nac7 42. g6 Ng7 43. Be4 Nce6 44. Ke2 Kc8 45. Ke3 1/2-1/2

[Event "17PCR_ZK06"]
[Site "?"]
[Date "2007.??.??"]
[Round "?"]
[White "Ryska, Jiri"]
[Black "Vlacil, Vladimir"]
[Result "1-0"]
[WhiteElo "2072"]
[BlackElo "2001"]
[PlyCount "89"]
[EventDate "2007.??.??"]
[EventType "corr"]
[EventRounds "2"]
[SourceDate "2007.06.28"]

1. e4 e5 2. Nf3 Nc6 3. d4 exd4 4. Nxd4 Bc5 5. Be3 Qf6 6. c3 Nge7 7. Qd2 O-O 8.
Nb5 Bxe3 9. Qxe3 d5 10. Nd2 dxe4 11. Nxe4 Qe5 12. Ng3 Qxe3+ 13. fxe3 a6 14.
Nxc7 Rb8 15. Rd1 Ne5 16. Be2 Bd7 17. e4 f5 18. Bc4+ Kh8 19. Be6 Bxe6 20. Nxe6
Rf6 21. Nc5 g6 22. O-O Kg7 23. exf5 Nxf5 24. Rfe1 Re8 25. Nd7 Rfe6 26. Nxf5+
gxf5 27. Nxe5 Rxe5 28. Rxe5 Rxe5 29. Rd7+ Kg6 30. Rxb7 Re2 31. a4 Rc2 32. a5
Kg5 33. Rxh7 Rxb2 34. Rg7+ Kf4 35. h4 Rc2 36. h5 Rxc3 37. Rg6 Rc7 38. Rxa6 Kg5
39. h6 Rc1+ 40. Kh2 Rc7 41. Rb6 Ra7 42. a6 Kf4 43. Rg6 Rh7 44. Kh3 Rc7 45. Kh4
1-0

[Event "17PCR_ZK06"]
[Site "?"]
[Date "2007.??.??"]
[Round "?"]
[White "Vlacil, Vladimir"]
[Black "Benes, Jiri"]
[Result "1/2-1/2"]
[WhiteElo "2001"]
[BlackElo "1802"]
[PlyCount "70"]
[EventDate "2007.??.??"]
[EventType "corr"]
[EventRounds "2"]
[SourceDate "2007.06.28"]

1. e4 g6 2. d4 Bg7 3. Nc3 c5 4. dxc5 Bxc3+ 5. bxc3 Qa5 6. Bb2 Nc6 7. Nf3 Nf6 8.
Bd3 Qxc5 9. O-O d6 10. h3 O-O 11. Nd4 Ne5 12. f4 Nc4 13. Bxc4 Qxc4 14. Qd3 Qc5
15. Kh2 Bd7 16. Rae1 Rac8 17. e5 Nd5 18. Rf3 b5 19. Nb3 Qc4 20. Qd2 Rfe8 21.
exd6 exd6 22. Rxe8+ Rxe8 23. Rd3 Nb6 24. Ba3 Qa4 25. Bxd6 Nc4 26. Qf2 Bf5 27.
Rd5 Qxa2 28. Rxf5 Nxd6 29. Rd5 Ne4 30. Qe2 a6 31. Re5 Rxe5 32. fxe5 Nxc3 33.
Qd3 Na4 34. Qd8+ Kg7 35. Qf6+ Kg8 1/2-1/2

[Event "17PCR_ZK06"]
[Site "?"]
[Date "2007.??.??"]
[Round "?"]
[White "Ryska, Jiri"]
[Black "Benes, Jiri"]
[Result "1/2-1/2"]
[WhiteElo "2072"]
[BlackElo "1802"]
[PlyCount "86"]
[EventDate "2007.??.??"]
[EventType "corr"]
[EventRounds "2"]
[SourceDate "2007.06.28"]

1. e4 g6 2. d4 Bg7 3. Nf3 Nf6 4. Bd3 O-O 5. O-O d6 6. Nc3 Nc6 7. Re1 e5 8. d5
Ne7 9. a4 h6 10. Bd2 a6 11. a5 Nd7 12. Qe2 f5 13. Bc4 Qe8 14. b4 Kh8 15. h3 Nf6
16. exf5 Bxf5 17. Bb3 Bd7 18. Rad1 Rc8 19. Bc1 g5 20. Nh2 Qf7 21. Bc4 Nf5 22.
Be3 Nd4 23. Qd2 g4 24. hxg4 Bxg4 25. f3 Bd7 26. Bxd4 exd4 27. Ne2 Nxd5 28. Nxd4
c6 29. Nf1 Qg6 30. Bxd5 cxd5 31. Re7 Rc4 32. Rxg7 Qxg7 33. Ne3 Rcc8 34. Nxd5
Rce8 35. c4 Re5 36. f4 Re4 37. Qd3 Rfe8 38. Rd2 Bg4 39. Kh2 Qg6 40. Qc3 Kg8 41.
Nf3 R8e6 42. Nh4 Qg7 43. Qg3 h5 1/2-1/2

[Event "17PCR_ZK06"]
[Site "?"]
[Date "2007.??.??"]
[Round "?"]
[White "Benes, Jiri"]
[Black "Ryska, Jiri"]
[Result "1/2-1/2"]
[WhiteElo "1802"]
[BlackElo "2072"]
[PlyCount "97"]
[EventDate "2007.??.??"]
[EventType "corr"]
[EventRounds "2"]
[SourceDate "2007.06.28"]

1. c4 e5 2. Nc3 Nf6 3. Nf3 Nc6 4. e3 Bb4 5. Qc2 d6 6. Bd3 Bg4 7. h3 Bxf3 8.
gxf3 Bxc3 9. dxc3 Qe7 10. Bd2 O-O-O 11. O-O-O g6 12. h4 Kb8 13. Kb1 Nd7 14. e4
Nc5 15. Be2 Ne6 16. Be3 Nf4 17. Bf1 Ka8 18. Qa4 Qf6 19. b4 a6 20. c5 dxc5 21.
Bxa6 Nxb4 22. Bc4+ Na6 23. Ka1 Rxd1+ 24. Rxd1 Rd8 25. Rb1 Qd6 26. Qb5 Rb8 27.
Bxf7 c6 28. Qa5 Qd3 29. Bxc5 Ne2 30. Be3 Qxc3+ 31. Qxc3 Nxc3 32. Rc1 Ne2 33.
Re1 Rf8 34. Bxg6 hxg6 35. Rxe2 Rxf3 36. Rd2 b5 37. Rd8+ Kb7 38. Rd7+ Kc8 39.
Rd6 Nb4 40. Kb1 Rh3 41. Bc5 Nd3 42. Kc2 Ne1+ 43. Kd1 Nd3 44. Kd2 Nb2 45. Rxc6+
Kd7 46. Rd6+ Kc7 47. Rxg6 Nc4+ 48. Ke2 Rxh4 49. f3 1/2-1/2